01011cam a22002774a 450000100090000000300050000900500170001400800410003101000170007202000230008904000230011204200080013505000230014308200160016610000250018224500650020725000120027226000350028430000340031950400640035365000310041765000190044885600980046785600900056585600780065513357743CEME20210628201531.0030930s2004 njua b 001 0 eng  a 2003065702 a0471228559 (cloth) aDLCcDLCdDLCdDLC apcc00aQA76.54b.L37 200400a004/.332221 aLaplante, Phillip A.10aReal-time systems design and analysis cPhillip A. Laplante. a3rd ed. aHoboken, N.J. :bWiley,c2004. axxi, 505 p. :bill. ;c24 cm. aIncludes bibliographical references (p. 475-485) and index. 0aReal-time data processing. 0aSystem design.423Contributor biographical informationuhttp://www.loc.gov/catdir/bios/wiley047/2003065702.html423Publisher descriptionuhttp://www.loc.gov/catdir/description/wiley041/2003065702.html413Table of contentsuhttp://www.loc.gov/catdir/toc/wiley041/2003065702.html